| 000 | 00487nam a2200193Ia 4500 | ||
|---|---|---|---|
| 008 | 170918s9999 xx 000 0 und d | ||
| 020 | _a9780439802673 | ||
| 050 | _bS757 2004 | ||
| 100 | _aSpinelli, Eileen | ||
| 245 | _aI know it's autumn / | ||
| 245 | _cby Eileen Spinneli ; illustrated by Nancy Hayashi. | ||
| 260 | _aNew York : | ||
| 260 | _bScholastic, | ||
| 260 | _c2004 | ||
| 300 | _aunpaged : | ||
| 300 | _bcolored illustration ; | ||
| 300 | _c28cm. | ||
| 500 | _a820 | ||
| 999 |
_c342751 _d342751 |
||